000 00803nam a2200229Ia 4500
001 15147
003 GE_BSU
008 181216s||||||||xx |||||||||||||| ||und||
040 _cGE_BSU
080 _a821.353.1-11
100 _aლეონიძე,გიორგი
245 _aამბავი თბილისისა
245 _bისტორიული პოემა
245 _cრედ.მ.მთვრალაშვილი. მხატვ.გ.კალაძე. და დ. გელაშვილი
260 _aთბილისი
260 _bნაკადული
260 _c1969
300 _a188გვ.17სმ.
653 _aამბავი თბილისისა
653 _aისტორიული პოემა
942 _cBK
999 _c48263
_d48263